Invention des moyens de transport - Statistiques

Statistiques générales
  • Ce quiz a été pris 29 fois
  • Le résultat moyen est 4 sur 19
Statistiques - réponses
Hint Réponse % Correct
Chaise à porteurs 1560
62%
Hélicoptère 1907
38%
Montgolfière 1783
33%
Avion à réaction 1939
33%
ULM 1975
33%
Train 1804
29%
Camion 1896
24%
Bicyclette 1817
19%
Carrosse urbain 1662
14%
Avion 1890
14%
Trottinette 1895
14%
Sous-marin 1624
10%
Omnibus à chevaux 1825
10%
Funiculaire 1862
10%
Métro 1863
10%
Moto 1868
10%
Automobile 1883
10%
Tramway 1832
5%
Dirigeable 1852
5%
Aucun quiz correspondant
Distribution des résultats
% des personnes avec chaque résultat
Percentile par nombre de réponses
Votre historique - résultats
Vous n’avez pas pris ce quiz